Statistics for Nick names

Click here to take the quiz!

General Stats

  • This quiz has been taken 31 times
  • The average score is 7 of 16

Answer Stats

Answer% Correct
Nicolas Cage
97%
Nicole Kidman
97%
Nikola Tesla
77%
Niki Lauda
67%
Nicolas Sarkozy
60%
Stevie Nicks
57%
Nicola Sturgeon
53%
Nikita Khrushchev
50%
Nick Cave
37%
Nick Frost
33%
Nick Faldo
30%
Nick Rhodes
20%
Nicolás Maduro
20%
Niccolò Machiavelli
17%
Nicole Stott
13%
Nicky Jam
0%

Score Distribution

Percentile by Number Answered

Percent of People with Each Score

Your Score History

You have not taken this quiz